Statistics for Born in New Orleans

Click here to take the quiz!

General Stats

  • This quiz has been taken 17 times
    (4 since last reset)
  • The average score is 4 of 32

Answer Stats

HintAnswer% Correct
DJ and record producer, "I'm The One" "Wild Thoughts" "No Brainer"1975DJ Khaled
100%
Known for assassinating President Kennedy in 19631939Lee Harvey Oswald
100%
Rapper, "Mirror" "Sucker For Pain" "Lollipop"1982Lil Wayne
50%
Jazz trumpeter and singer, "What a Wonderful World", nicknamed "Satchmo"1901Louis Armstrong
50%
Actress, "Legally Blonde" "Walk the Line" "Wild" "Big Little Lies"1976Reese Witherspoon
50%
Founder of Popeyes1944Al Copeland
0%
Justice of the Supreme Court since 20201972Amy Coney Barrett
0%
Author, "Interview with the Vampire" "Queen of the Damned"1941Anne Rice
0%
Actor, known for his role as Sam Wilson/Falcon in the Marvel Cinematic Universe1978Anthony Mackie
0%
Actor best known for his role as Apollo Creed in the "Rocky" films1948Carl Weathers
0%
Hall of Fame shooting guard who played for the Portland Trail Blazers and Houston Rockets1962Clyde Drexler
0%
Point guard who plays for the Sacramento Kings1997De'Aaron Fox
0%
Former quarterback who played for the New York Giants1981Eli Manning
0%
Pianist and singer, "The Fat Man" "Walking to New Orleans" "Blueberry Hill"1928Fats Domino
0%
Actor, known for his role as Eazy-E in "Straight Outta Compton"1987Jason Mitchell
0%
Actor, "Waves" "It Comes at Night" "Elvis" "12 Years a Slave"1994Kelvin Harrison Jr.
0%
Running back who plays for the Buffalo Bills (he was drafted fourth overall in the 2017 NFL Draft by the Jaguars)1995Leonard Fournette
0%
"Voodoo Queen"1801Marie Laveau
0%
Hall of Fame running back who played for the St. Louis Rams and Indianapolis Colts1973Marshall Faulk
0%
Journalist and author, "Moneyball" "The Blind Side" "The Big Short"1960Michael Lewis
0%
Actress, "Sharp Objects" "Six Feet Under" "House of Cards" 1959Patricia Clarkson
0%
Actress, known for her role as Abby Sciuto in "NCIS"1969Pauley Perrette
0%
Hall of Fame quarterback who played for the Indianapolis Colts and Denver Broncos1976Peyton Manning
0%
Current manger of the Los Angeles Angels and long time manager or coach of the Rangers, Athletics and Braves1952Ron Washington
0%
Actor, known for his role as Sam Merlotte in "True Blood"1969Sam Trammell
0%
Trumpeter, composer and frequent collaborator with Spike Lee, "BlacKkKlansman" "Da 5 Bloods" "Inside Man"1962Terence Blanchard
0%
Owner of the New Orleans Saints and New Orleans Pelicans until his death in 20181927Tom Benson
0%
Author, "Breakfast at Tiffany's" "In Cold Blood"1924Truman Capote
0%
Actor and director, "Madea" films "Gone Girl" "Don't Look Up"1969Tyler Perry
0%
Safety who plays for the New Orleans Saints, nicknamed "Honey Badger"1992Tyrann Mathieu
0%
Actor, known for his roles as Buck Moreland in "The Wire" and Robert Zane in "Suits"1963Wendell Pierce
0%
Actor, "Aquaman" "The Trial of the Chicago 7" "Watchmen"1986Yahya Abdul-Mateen II
0%

Score Distribution

Percentile by Number Answered

Percent of People with Each Score

Your Score History

You have not taken this quiz since the last reset